[Event "POL-chT 2 Liga 2019"]
[Site "Poronin"]
[Date "2019.09.09"]
[Round "3.36"]
[White "Czerwinska, Milena"]
[Black "Huchwajda, Katarzyna"]
[Result "1/2-1/2"]
[WhiteElo "2006"]
[BlackElo "1771"]
[Annotator "NA RC"]
[PlyCount "83"]
[EventDate "2019.09.07"]
[EventType "team-tourn"]
[EventCountry "POL"]
[SourceTitle "playchess.com"]
[Source "ChessBase"]
[SourceQuality "1"]
[TimeControl "40/5400+30:1800+30"]

1. e4 {[%emt 0:00:00]} c5 {[%emt 0:01:10]} 2. Nf3 {[%emt 0:00:00]} e6 {[%emt 0:00:06]} 3. d4 {[%emt 0:00:00]} cxd4 {[%emt 0:00:06]} 4. Nxd4 {[%emt 0:00:00]} Nc6 {[%emt 0:00:14]} 5. Nc3 {[%emt 0:00:15]} Nf6 {[%emt 0:00:09]} 6. Ndb5 {[%emt 0:01:26]} d6 {[%emt 0:00:29]} 7. Bf4 {[%emt 0:00:37]} e5 {[%emt 0:00:37]} 8. Bg5 {[%emt 0:00:10]} a6 {[%emt 0:00:32]} 9. Na3 {[%emt 0:00:16]} b5 {[%emt 0:00:34]} 10. Nd5 {[%emt 0:00:20]} Be7 {[%emt 0:02:16]} 11. Bxf6 {[%emt 0:01:16]} Bxf6 {[%emt 0:01:05]} 12. c4 {[%emt 0:09:30]} b4 {[%emt 0:05:49]} 13. Nc2 {[%emt 0:04:58]} a5 {[%emt 0:05:33]} 14. Be2 {[%emt 0:05:45]} O-O {[%emt 0:01:28]} 15. O-O {[%emt 0:13:57]} Bg5 {[%emt 0:01:52]} 16. Bg4 {[%emt 0:08:02]} Be6 {[%emt 0:12:20]} 17. Nde3 {[%emt 0:12:22]} Bh6 {[%emt 0:10:45]} 18. Qd3 {[%emt 0:10:48]} Qe7 {[%emt 0:07:41]} 19. Rad1 {[%emt 0:06:44]} Rad8 {[%emt 0:02:21]} 20. g3 {[%emt 0:00:55]} g6 {[%emt 0:06:42]} 21. Nd5 {[%emt 0:02:37]} Qa7 {[%emt 0:09:07]} 22. Nf6+ {[%emt 0:05:57]} Kg7 {[%emt 0:04:24]} 23. Bxe6 {[%emt 0:00:39]} Kxf6 {[%emt 0:02:19]} 24. Bh3 {[%emt 0:04:18]} Kg7 {[%emt 0:02:06]} 25. Kh1 {[%emt 0:01:28]} Qc5 {[%emt 0:02:08]} 26. Qe2 {[%emt 0:04:07]} Ne7 {[%emt 0:01:29]} 27. f4 {[%emt 0:04:13]} f6 {[%emt 0:03:05]} 28. f5 {[%emt 0:01:16]} Rb8 {[%emt 0:05:06]} 29. b3 {[%emt 0:00:16]} Ra8 {[%emt 0:01:39]} 30. Qd3 {[%emt 0:01:21]} Ra6 {[%emt 0:00:40]} 31. Qe2 {[%emt 0:00:39]} Ra7 {[%emt 0:03:30]} 32. Rd3 {[%emt 0:00:28]} Ra6 {[%emt 0:00:54]} 33. Qg4 {[%emt 0:00:35]} g5 {[%emt 0:00:51]} 34. Qe2 {[%emt 0:00:37]} Rb8 {[%emt 0:01:08]} 35. Bg4 {[%emt 0:00:23]} a4 {[%emt 0:01:57]} 36. Rfd1 {[%emt 0:00:16]} Rbb6 {[%emt 0:01:29]} 37. Bh5 {[%emt 0:00:51]} Qc8 {[%emt 0:01:59]} 38. Qd2 {[%emt 0:00:51]} Qa8 {[%emt 0:01:00]} 39. Qg2 {[%emt 0:00:38]} axb3 {[%emt 0:00:50]} 40. axb3 {[%emt 0:00:00]} Qb8 {[%emt 0:00:00]} 41. Bg4 {[%emt 0:15:49]} Qc7 {[%emt 0:12:04]} 42. Qf3 {[%emt 0:06:57]} 1/2-1/2

[Event "POL-chT 2 Liga 2019"]
[Site "Poronin"]
[Date "2019.09.09"]
[Round "3.37"]
[White "Pniaczek, Marek"]
[Black "Nowak, Kamil"]
[Result "0-1"]
[WhiteElo "2226"]
[BlackElo "2296"]
[Annotator "TA"]
[PlyCount "90"]
[EventDate "2019.09.07"]
[EventType "team-tourn"]
[EventCountry "POL"]
[SourceTitle "playchess.com"]
[Source "ChessBase"]
[SourceQuality "1"]

{[%evp 23,90,54,56,33,41,0,14,0,15,0,14,0,6,0,12,0,13,-11,0,-26,-15,-35,-8,-57,-27,-43,-16,-14,-5,0,0,0,0,-7,0,-31,-36,-109,-110,-114,-107,-109,-81,-73,-81,-293,-291,-281,-277,-259,-260,-497,-489,-477,-445,-913,-479,-706,-697,-843,-408,-638,-493,-743,-731,-925,-910,-1404,-896]} 1. e4 c5 2. Nf3 e6 3. d4 cxd4 4. Nxd4 Nf6 5. Nc3 d6 6. g4 h6 7. h4 Nc6 8. g5 hxg5 9. Bxg5 Qb6 10. Nb3 a6 11. Qd2 Bd7 12. O-O-O Qc7 13. f4 {B81: Sicilian Scheveningen: Keres Attack} O-O-O 14. Rh3 (14. Be2 Be7 15. Bf3 Kb8 16. Kb1 Bc8 17. Qe3 Ng8 18. f5 Bf6 19. fxe6 fxe6 20. Be2 Re8 21. h5 Be5 22. Bf3 Nf6 23. Ne2 {0-1 (43) Macieja,B (2581)-Sasikiran,K (2675) playchess.com INT 2006}) 14... Be7 $146 ({Predecessor:} 14... Kb8 15. Kb1 {½-½ (15) Scheller,C-Rabe,K Ratzeburg 1997}) 15. Kb1 {The position is equal.} Kb8 16. Rd3 Bc8 17. Bg2 Ng8 {Hoping for ...f6.} 18. Bxe7 Ngxe7 19. Qf2 ({Much worse is} 19. Rxd6 Rxd6 20. Qxd6 Qxd6 $17) 19... f5 20. Rg3 g6 21. Rg5 Rh6 22. Rh1 Rdh8 23. Qg3 Qb6 24. Bf3 Bd7 25. Qe1 Qc7 26. Nd5 Qd8 27. Nxe7 Nxe7 28. exf5 Nxf5 29. Qb4 {[%csl Gf3][%cal Rb4b7] [#]} Qc7 30. h5 ({White should play} 30. a4 $15) 30... Bc6 $17 31. Bxc6 Qxc6 32. Rhg1 gxh5 33. Nd4 Qd5 34. Nb3 $2 (34. Nxf5 $17 {might work better.} exf5 35. Qb3 Qxb3 36. cxb3) 34... h4 $19 {Strongly threatening ...h3.} 35. Qb6 Rc8 {[#] And now ...h3 would win.} 36. Rg8 {White threatens Rxc8+ and mate.} Rh8 37. Rxc8+ $2 (37. R8g2) 37... Rxc8 38. Qf2 Rh8 39. Rg2 (39. Nd2 $142 h3 40. Nf3) 39... Qd1+ 40. Nc1 h3 41. Rh2 Ka8 (41... Nd4 $142 42. b3 Nf3) 42. a3 (42. b3 $142) 42... d5 {Black is clearly winning.} 43. b3 (43. Qc5 $142 Nd4 44. f5 Nxf5 45. Qf2) 43... d4 44. Kb2 Ne3 45. Nd3 Rc8 {Accuracy: White = 17%, Black = 51%.} 0-1

[Event "POL-chT 2 Liga 2019"]
[Site "Poronin"]
[Date "2019.09.09"]
[Round "3.38"]
[White "Daniel, Damian"]
[Black "Ustianovich, Nazar"]
[Result "1/2-1/2"]
[WhiteElo "2196"]
[BlackElo "2369"]
[Annotator "TA"]
[PlyCount "36"]
[EventDate "2019.09.07"]
[EventType "team-tourn"]
[EventCountry "POL"]
[SourceTitle "playchess.com"]
[Source "ChessBase"]
[SourceQuality "1"]

{[%evp 23,36,-8,50,-24,7,1,72,75,133,99,136,112,113,107,144]} 1. d4 Nf6 2. c4 g6 3. Nc3 Bg7 4. e4 O-O 5. Nf3 d6 6. h3 e5 7. d5 a5 8. Bg5 Qe8 9. g4 Na6 10. Be2 Nd7 11. Qd2 ({Predecessor:} 11. Rg1 Ndc5 12. h4 Kh8 {½-½ (38) Belous,V (2428)-Filatov,D (2309) Moscow 2008}) 11... Ndc5 12. Rg1 Kh8 ({Black should play} 12... Bd7 $11) 13. h4 {E92: King's Indian: Classical: 6 Be2 e5: 7 dxe5, 7 Be3 and Petrosian System without 7...Nbd7} ({White should try} 13. O-O-O $14) 13... f6 $146 (13... Bd7 14. h5 f5 15. gxf5 gxf5 16. Bh6 Bf6 17. Bxf8 Qxf8 18. O-O-O Nb4 19. Kb1 fxe4 20. Ng5 e3 21. Qxe3 {1-0 (41) Jacimovic,D (2409)-Damljanovic,B (2583) Belgrade 2015}) 14. Be3 Bd7 {[#]} (14... f5 $1 $11 {keeps the balance.}) 15. h5 $1 $16 {[%mdl 512] Strongly threatening h6.} g5 (15... f5 $142) (15... gxh5 16. gxh5) 16. Kf1 h6 17. Ne1 Rf7 18. Nc2 Bc8 1/2-1/2

[Event "POL-chT 2 Liga 2019"]
[Site "Poronin"]
[Date "2019.09.09"]
[Round "3.39"]
[White "Wozniak, Mariola"]
[Black "Stankiewicz, Pawel"]
[Result "0-1"]
[WhiteElo "2158"]
[BlackElo "2138"]
[Annotator "TA"]
[PlyCount "62"]
[EventDate "2019.09.07"]
[EventType "team-tourn"]
[EventCountry "POL"]
[SourceTitle "playchess.com"]
[Source "ChessBase"]
[SourceQuality "1"]

{[%evp 15,62,14,13,11,16,13,13,5,5,5,13,13,13,5,5,0,10,0,0,0,0,-21,-24,-20,-19,-20,-31,-48,0,-41,-11,0,-9,-21,-38,-34,-42,-134,-131,-131,-131,-145,-66,-987,-945,-29995,-223,-29996,-29997]} 1. e4 e6 2. d4 d5 3. Nc3 Bb4 4. e5 c5 5. a3 Bxc3+ 6. bxc3 Qa5 7. Bd2 Qa4 8. Qb1 c4 9. Nf3 {C18: French: 3 Nc3 Bb4: Main line: 7 h4 and 7 Qg4} (9. h4 f6 10. Nf3 Nc6 11. Bf4 Qa5 12. Qb2 Bd7 13. g3 Nge7 14. h5 O-O-O 15. Bh3 g5 16. exf6 gxf4 17. fxe7 {½-½ (44) Kobalia,M (2599)-Andreikin,D (2712) Moscow 2018}) 9... Nc6 10. g3 Nge7 11. Bg2 {The position is equal.} Bd7 12. O-O O-O-O 13. Re1 h6 14. Qb2 Rde8 $146 ({Predecessor:} 14... Rdf8 15. Re2 g5 16. h4 g4 17. Nh2 Rfg8 {0-1 (17) Lorin,F (1856)-Luppi,S ICCF email 2010}) 15. Reb1 b6 16. h4 f6 17. exf6 gxf6 18. Re1 h5 19. Re2 Ng6 20. Rae1 Rhf8 21. Qc1 Qa5 22. Bh3 {[%cal Rh3e6]} e5 23. Bxd7+ $1 Kxd7 24. Bh6 Rf7 {aiming for ...e4.} 25. dxe5 fxe5 ({Of course not} 25... Ncxe5 26. Nxe5+ Nxe5 27. Qf4 $14) 26. Qg5 (26. Ng5 $15 Rf5 27. Qd2) 26... Qxc3 $17 ({And not} 26... Rxf3 27. Qxg6 Qxc3 28. Re3 $14) 27. Qxg6 Qxf3 28. Bf4 Ref8 (28... Rxf4 $17 29. gxf4 Qxf4) 29. Bxe5 $4 {[%mdl 8192]} (29. Rxe5 $15 Nxe5 30. Rxe5) 29... Nxe5 $19 30. Rxe5 Qxf2+ 31. Kh1 {[#]} Qf1+ $1 {[%mdl 512] Accuracy: White = 36%, Black = 69%.} 0-1

[Event "POL-chT 2 Liga 2019"]
[Site "Poronin"]
[Date "2019.09.09"]
[Round "3.40"]
[White "Szmyd, Marek"]
[Black "Bielczyk, Jacek"]
[Result "0-1"]
[WhiteElo "1885"]
[BlackElo "2279"]
[Annotator "RC"]
[PlyCount "82"]
[EventDate "2019.09.07"]
[EventType "team-tourn"]
[EventCountry "POL"]
[SourceTitle "playchess.com"]
[Source "ChessBase"]
[SourceQuality "1"]
[TimeControl "40/5400+30:1800+30"]

1. e4 {[%emt 0:00:00]} c5 {[%emt 0:00:00]} 2. Nf3 {[%emt 0:00:00]} d6 {[%emt 0:01:37]} 3. Bb5+ {[%emt 0:00:31]} Nd7 {[%emt 0:00:20]} 4. d4 {[%emt 0:02:52]} cxd4 {[%emt 0:03:20]} 5. Qxd4 {[%emt 0:02:53]} Ngf6 {[%emt 0:01:13]} 6. Nc3 {[%emt 0:08:59]} a6 {[%emt 0:11:22]} 7. Ba4 {[%emt 0:00:35]} e6 {[%emt 0:03:02]} 8. Bg5 {[%emt 0:06:47]} Be7 {[%emt 0:07:29]} 9. O-O {[%emt 0:00:42]} O-O {[%emt 0:02:50]} 10. Bxd7 {[%emt 0:01:55]} Qxd7 {[%emt 0:06:02]} 11. e5 {[%emt 0:00:27]} dxe5 {[%emt 0:00:08]} 12. Qxd7 {[%emt 0:01:29]} Bxd7 {[%emt 0:00:06]} 13. Nxe5 {[%emt 0:00:07]} Rfd8 {[%emt 0:00:47]} 14. Nxd7 {[%emt 0:12:44]} Rxd7 {[%emt 0:01:02]} 15. Rfd1 {[%emt 0:00:35]} Rc7 {[%emt 0:05:32]} 16. Bf4 {[%emt 0:38:07]} Rc6 {[%emt 0:02:30]} 17. Be5 {[%emt 0:00:11]} b5 {[%emt 0:02:21]} 18. a3 {[%emt 0:02:09]} Rac8 {[%emt 0:06:34]} 19. h3 {[%emt 0:01:45]} h6 {[%emt 0:01:37]} 20. Rd2 {[%emt 0:02:53]} a5 {[%emt 0:02:57]} 21. Nxb5 {[%emt 0:01:58]} Rxc2 {[%emt 0:00:01]} 22. Rxc2 {[%emt 0:04:16]} Rxc2 {[%emt 0:00:03]} 23. Nd4 {[%emt 0:01:20]} Rc5 {[%emt 0:05:02]} 24. Nf3 {[%emt 0:03:06]} Nd5 {[%emt 0:00:09]} 25. b4 {[%emt 0:00:56]} axb4 {[%emt 0:03:43]} 26. axb4 {[%emt 0:00:02]} Nxb4 {[%emt 0:00:26]} 27. Ra8+ {[%emt 0:00:13]} Kh7 {[%emt 0:00:03]} 28. Bd4 {[%emt 0:02:51]} Rc4 {[%emt 0:05:40]} 29. g3 {[%emt 0:00:57]} Nd5 {[%emt 0:02:46]} 30. Ra7 {[%emt 0:00:25]} f6 {[%emt 0:03:14]} 31. Rd7 {[%emt 0:00:51]} Kg6 {[%emt 0:01:38]} 32. Kg2 {[%emt 0:00:10]} Kf7 {[%emt 0:00:06]} 33. Ba7 {[%emt 0:01:16]} Rc6 {[%emt 0:08:14]} 34. Rb7 {[%emt 0:00:44]} e5 {[%emt 0:00:39]} 35. g4 {[%emt 0:00:26]} Rc3 {[%emt 0:01:28]} 36. Ng1 {[%emt 0:01:42]} Rc2 {[%emt 0:04:27]} 37. Kg3 {[%emt 0:00:44]} Ke6 {[%emt 0:00:17]} 38. Rb3 {[%emt 0:00:32]} Bd6 {[%emt 0:02:45]} 39. f3 {[%emt 0:00:48]} g5 {[%emt 0:00:00]} 40. Bb8 {[%emt 0:00:00]} Nf4 {[%emt 0:00:00]} 41. Ra3 Ra2 0-1

[Event "POL-chT 2 Liga 2019"]
[Site "Poronin"]
[Date "2019.09.09"]
[Round "3.41"]
[White "Sadzikowski, Marian"]
[Black "Zminda, Bogdan"]
[Result "1/2-1/2"]
[WhiteElo "1808"]
[BlackElo "1970"]
[Annotator "NA RC"]
[PlyCount "94"]
[EventDate "2019.09.07"]
[EventType "team-tourn"]
[EventCountry "POL"]
[SourceTitle "playchess.com"]
[Source "ChessBase"]
[SourceQuality "1"]
[TimeControl "40/5400+30:1800+30"]

1. e4 {[%emt 0:00:01]} c5 {[%emt 0:00:00]} 2. f4 {[%emt 0:00:30]} d5 {[%emt 0:00:13]} 3. Bb5+ {[%emt 0:00:10]} Bd7 {[%emt 0:00:32]} 4. Bxd7+ {[%emt 0:00:10]} Qxd7 {[%emt 0:00:09]} 5. e5 {[%emt 0:00:05]} Nc6 {[%emt 0:00:33]} 6. Nf3 {[%emt 0:00:11]} d4 {[%emt 0:02:23]} 7. d3 {[%emt 0:00:32]} Nh6 {[%emt 0:01:52]} 8. Nbd2 {[%emt 0:00:38]} Nf5 {[%emt 0:00:26]} 9. Ne4 {[%emt 0:00:12]} e6 {[%emt 0:01:45]} 10. O-O {[%emt 0:00:12]} h5 {[%emt 0:02:00]} 11. Ng3 {[%emt 0:04:25]} Nce7 {[%emt 0:09:29]} 12. Qe1 {[%emt 0:00:55]} h4 {[%emt 0:05:12]} 13. Nxf5 {[%emt 0:02:34]} Nxf5 {[%emt 0:00:05]} 14. Ng5 {[%emt 0:00:41]} Be7 {[%emt 0:00:46]} 15. Ne4 {[%emt 0:00:23]} O-O-O {[%emt 0:06:55]} 16. Qa5 {[%emt 0:04:02]} b6 {[%emt 0:00:30]} 17. Qa6+ {[%emt 0:00:14]} Qb7 {[%emt 0:02:36]} 18. Qxb7+ {[%emt 0:04:47]} Kxb7 {[%emt 0:00:02]} 19. a4 {[%emt 0:00:29]} a6 {[%emt 0:01:16]} 20. b3 {[%emt 0:00:48]} b5 {[%emt 0:01:17]} 21. axb5 {[%emt 0:01:59]} axb5 {[%emt 0:04:35]} 22. Bd2 {[%emt 0:02:09]} Ra8 {[%emt 0:01:25]} 23. Kf2 {[%emt 0:01:40]} Kc6 {[%emt 0:12:19]} 24. Kf3 {[%emt 0:04:02]} Kd5 {[%emt 0:03:03]} 25. g4 {[%emt 0:10:42]} hxg3 {[%emt 0:00:46]} 26. hxg3 {[%emt 0:00:44]} f6 {[%emt 0:08:04]} 27. exf6 {[%emt 0:05:12]} gxf6 {[%emt 0:00:01]} 28. g4 {[%emt 0:00:38]} Nh4+ {[%emt 0:01:40]} 29. Kg3 {[%emt 0:00:53]} Rxa1 {[%emt 0:05:50]} 30. Rxa1 {[%emt 0:00:53]} f5 {[%emt 0:00:04]} 31. c4+ {[%emt 0:03:09]} dxc3 {[%emt 0:02:59]} 32. Nxc3+ {[%emt 0:05:58]} Kd4 {[%emt 0:00:37]} 33. Ra7 {[%emt 0:10:07]} Kxd3 {[%emt 0:00:26]} 34. Rxe7 {[%emt 0:00:53]} Kxd2 {[%emt 0:00:14]} 35. Nxb5 {[%emt 0:00:18]} fxg4 {[%emt 0:01:29]} 36. Rxe6 {[%emt 0:01:21]} Nf5+ {[%emt 0:00:16]} 37. Kxg4 {[%emt 0:00:49]} Ne3+ {[%emt 0:00:15]} 38. Kg5 {[%emt 0:06:45]} Rg8+ {[%emt 0:03:15]} 39. Kf6 {[%emt 0:04:24]} Rb8 {[%emt 0:02:38]} 40. Rd6+ {[%emt 0:02:26]} Ke2 {[%emt 0:02:33]} 41. Nc3+ {[%emt 0:34:31]} Kf3 {[%emt 0:00:20]} 42. Na4 {[%emt 0:00:00]} c4 {[%emt 0:05:18]} 43. bxc4 {[%emt 0:00:00]} Nxc4 {[%emt 0:00:02]} 44. Rd4 {[%emt 0:00:00]} Rf8+ {[%emt 0:00:13]} 45. Kg5 {[%emt 0:00:00]} Ne3 {[%emt 0:00:11]} 46. Nb2 {[%emt 0:00:00]} Rf5+ {[%emt 0:00:16]} 47. Kg6 {[%emt 0:00:00]} Rxf4 {[%emt 0:00:07]} 1/2-1/2

[Event "POL-chT 2 Liga 2019"]
[Site "Poronin"]
[Date "2019.09.09"]
[Round "3.42"]
[White "Czaplewska, Klara"]
[Black "Murawko, Katarzyna"]
[Result "1/2-1/2"]
[WhiteElo "1870"]
[BlackElo "2062"]
[Annotator "NA RC"]
[PlyCount "53"]
[EventDate "2019.09.07"]
[EventType "team-tourn"]
[EventCountry "POL"]
[SourceTitle "playchess.com"]
[Source "ChessBase"]
[SourceQuality "1"]
[TimeControl "40/5400+30:1800+30"]

1. d4 {[%emt 0:00:00]} c5 {[%emt 0:00:00]} 2. d5 {[%emt 0:00:00]} d6 {[%emt 0:00:00]} 3. c4 {[%emt 0:00:00]} g6 {[%emt 0:00:00]} 4. e4 {[%emt 0:00:12]} Bg7 {[%emt 0:00:00]} 5. Nc3 {[%emt 0:00:32]} Nf6 {[%emt 0:02:21]} 6. h3 {[%emt 0:00:14]} O-O {[%emt 0:00:24]} 7. Nf3 {[%emt 0:00:05]} a6 {[%emt 0:01:19]} 8. Bd3 {[%emt 0:00:57]} Nbd7 {[%emt 0:01:22]} 9. O-O {[%emt 0:03:36]} e5 {[%emt 0:01:05]} 10. Be3 {[%emt 0:08:57]} h6 {[%emt 0:04:46]} 11. Qd2 {[%emt 0:01:05]} Kh7 {[%emt 0:00:14]} 12. Nh2 {[%emt 0:00:17]} Ng8 {[%emt 0:05:42]} 13. f4 {[%emt 0:02:22]} exf4 {[%emt 0:00:13]} 14. Bxf4 {[%emt 0:00:53]} Ne5 {[%emt 0:00:12]} 15. Be2 {[%emt 0:03:56]} g5 {[%emt 0:07:26]} 16. Bg3 {[%emt 0:01:15]} Ne7 {[%emt 0:07:13]} 17. Nf3 {[%emt 0:10:47]} N7g6 {[%emt 0:13:21]} 18. Nd1 {[%emt 0:07:13]} f5 {[%emt 0:07:15]} 19. exf5 {[%emt 0:00:30]} Bxf5 {[%emt 0:00:41]} 20. Ne3 {[%emt 0:01:19]} Be4 {[%emt 0:14:57]} 21. Nxe5 {[%emt 0:03:10]} Bxe5 {[%emt 0:03:10]} 22. Bxe5 {[%emt 0:02:54]} Nxe5 {[%emt 0:00:21]} 23. Ng4 {[%emt 0:03:16]} Nxg4 {[%emt 0:06:28]} 24. Bxg4 {[%emt 0:00:03]} Bg6 {[%emt 0:00:11]} 25. Rxf8 {[%emt 0:05:00]} Qxf8 {[%emt 0:00:06]} 26. Rf1 {[%emt 0:00:12]} Qg7 {[%emt 0:00:58]} 27. Kh1 {[%emt 0:03:02]} 1/2-1/2

[Event "POL-chT 2 Liga 2019"]
[Site "Poronin"]
[Date "2019.09.09"]
[Round "3.43"]
[White "Stachowiak, Kamil"]
[Black "Lapaj, Mateusz"]
[Result "1-0"]
[WhiteElo "2444"]
[BlackElo "2207"]
[Annotator "TA"]
[PlyCount "93"]
[EventDate "2019.09.07"]
[EventType "team-tourn"]
[EventCountry "POL"]
[SourceTitle "playchess.com"]
[Source "ChessBase"]
[SourceQuality "1"]

{[%evp 14,93,43,16,27,24,26,22,18,25,29,20,39,27,34,36,42,24,32,8,4,4,1,-6,76,16,20,12,33,0,4,10,6,9,32,24,22,11,36,44,67,73,67,58,64,67,60,49,50,47,51,50,50,50,191,191,231,225,294,293,268,268,281,274,348,274,315,318,304,279,415,410,416,415,408,402,399,259,399,397,383,339]} 1. d4 Nf6 2. Nf3 g6 3. c4 Bg7 4. g3 O-O 5. Bg2 d6 6. O-O Nc6 7. Nc3 a6 8. h3 Bf5 {E63: King's Indian: Fianchetto: Panno Variation with 7...a6} 9. b3 Ne4 10. Bb2 Nxc3 {The position is equal.} 11. Bxc3 Qc8 $146 ({Predecessor:} 11... Be4 12. Qd2 d5 13. Rad1 e6 14. Ne5 Nxe5 15. dxe5 Bxg2 16. Kxg2 dxc4 {½-½ (54) Grabarczyk,M (2479)-Socko,B (2610) Krakow 2006}) 12. Kh2 e5 13. d5 Ne7 14. Nd2 Bd7 15. Qc2 f5 16. f4 {Strongly threatening fxe5.} e4 17. Bxg7 Kxg7 18. g4 c6 (18... h6 $11) 19. gxf5 ({Better is} 19. Qc3+ $16 Kg8 20. gxf5 gxf5 21. Rg1) 19... gxf5 $11 20. Rg1 {Hoping for Bxe4+.} Ng6 21. Qc3+ Kh6 22. dxc6 Bxc6 23. Rad1 Qd8 24. Nf1 Qf6 $1 {[%cal Rf6c3]} 25. Qg3 Rad8 26. Ne3 Ne7 27. h4 Rg8 {[#]} 28. Qg5+ $1 {[%mdl 512]} Qxg5 (28... Rxg5 29. hxg5+) 29. hxg5+ Kg6 $1 30. Bh3 d5 31. cxd5 Bxd5 32. Bxf5+ Nxf5 33. Nxd5 Rc8 (33... Rh8 $14) 34. Nf6 $18 Rgf8 35. Nd7 Rfd8 {[#]} 36. Ne5+ $1 Kg7 37. Rxd8 Rxd8 {[%mdl 4096] Endgame KRN-KRN} 38. Rc1 Rd2 39. Rc7+ Kg8 40. Ng4 (40. Rxb7 Rxe2+ 41. Kh3 Rf2 $16) 40... Rxe2+ 41. Kh3 Re1 (41... Kf8 $142 42. Nf6 (42. Rxh7 Re1 $18) (42. Rxb7 Rxa2 43. Nf6 Rf2 $18) 42... Rxa2 43. Nxh7+ Ke8) 42. Nf6+ Kf8 43. Nxh7+ Ke8 44. Nf6+ Kd8 45. Rd7+ Kc8 46. Rd5 Ng7 47. Re5 {Accuracy: White = 70%, Black = 49%.} 1-0

[Event "POL-chT 2 Liga 2019"]
[Site "Poronin"]
[Date "2019.09.09"]
[Round "3.44"]
[White "Kolosowski, Pawel"]
[Black "Piotrowski, Przemyslaw"]
[Result "0-1"]
[WhiteElo "2176"]
[BlackElo "2293"]
[Annotator "TA"]
[PlyCount "94"]
[EventDate "2019.09.07"]
[EventType "team-tourn"]
[EventCountry "POL"]
[SourceTitle "playchess.com"]
[Source "ChessBase"]
[SourceQuality "1"]

{[%evp 13,95,2,18,6,16,18,22,22,40,38,23,10,0,0,12,6,0,0,31,25,20,0,0,0,-10,-4,-1,-20,-16,-28,-27,-26,-29,-22,0,-43,-44,-60,-37,-44,-38,-89,-70,-76,-34,-81,-106,-114,-113,-108,-102,-97,-87,-183,-178,-176,-175,-171,-185,-166,-134,-264,-268,-395,-395,-392,-391,-391,-391,-387,-387,-387,-311,-361,-336,-501,-392,-461,-421,-505,-510,-567,-556,-944]} 1. e4 c5 2. Nc3 Nc6 3. g3 g6 4. Bg2 Bg7 5. d3 d6 6. Be3 Rb8 7. f4 Nd4 8. Qd2 {B26: Closed Sicilian: 3 g3, lines with early Be3} (8. Nge2 {feels hotter.} Nh6 9. h3 f5 10. O-O O-O 11. Bf2) 8... Qa5 (8... Nf6 {is interesting.} 9. Nf3 Ng4 10. Bg1 b5 11. a3 e5) 9. Nf3 Nxf3+ (9... b5 10. O-O Bg4 11. a3 Bxf3 12. Bxf3 b4 13. Nd1 Nxf3+ 14. Rxf3 Nf6 15. Nf2 O-O 16. Qe1 {1-0 (48) Naroditsky,D (2403)-Sevillano,E (2502) Irvine 2010}) 10. Bxf3 {The position is equal.} Nf6 11. h3 b5 12. g4 b4 $146 ({Predecessor:} 12... Nd7 13. O-O Nb6 14. e5 Bb7 15. Bxb7 Rxb7 16. Qg2 Rc7 17. exd6 exd6 {1-0 (31) Kaeding,R (2102)-Winkels,M (1991) Germany 2011}) 13. Nd1 h5 {[%cal Rh5g4]} 14. g5 $1 {[%cal Rg5f6]} Nd7 15. O-O Nb6 16. Bg2 Na4 17. d4 (17. Qc1 {looks sharper.} Qa6 18. a3 b3 19. c4 Bd7 20. Bd2) 17... cxd4 18. Bxd4 Bxd4+ 19. Qxd4 Qc5 20. Qxc5 Nxc5 21. a3 Ba6 $36 {[%mdl 2048] Black has the initiative.} 22. Rf2 b3 {And now ...bxc2 would win.} 23. Nc3 O-O 24. Bf1 Bxf1 25. Raxf1 bxc2 26. Rxc2 Rb3 27. Rd1 (27. Nd5 $15) 27... Rfb8 $17 28. Rdd2 Kg7 29. Kg2 h4 30. Kh2 R8b7 31. Kg2 a5 32. Kh2 Ne6 33. Nd5 (33. Rf2 $17 {is a better defense.}) 33... Rf3 $19 34. Rf2 Rbb3 35. Rxf3 Rxf3 {[%mdl 4096] Endgame KRN-KRN} 36. b4 Rxa3 {Hoping for ...axb4.} 37. b5 (37. bxa5 $17 Rxa5 38. Rc4) 37... Nd4 38. Rb2 {[#]} (38. Rc3 $142 Nxb5 39. Rc4) 38... Rg3 $1 {( -> ...Nf3+)} 39. Rb1 {intending b6.} Nf3+ 40. Kh1 {With the idea b6.} Rxh3+ 41. Kg2 Rg3+ 42. Kf2 {next b6 is good for White.} Nd2 $1 {[%csl LRb1,LRe4][%mdl 64] Double Attack} 43. Re1 Rb3 44. Nxe7 (44. Re2 {was the only defense.} Nc4 45. Rc2) 44... Rxb5 45. f5 Kf8 {Black is clearly winning.} 46. f6 Rxg5 47. Ke3 {[#]} Nc4+ {Played: Nd2xe4} 0-1